书目信息 |
| 题名: |
工程制图习题集
|
|
| 作者: | 陈彩萍主编 | |
| 分册: | ||
| 出版信息: | 北京 高等教育出版社 2018 |
|
| 页数: | 110页 | |
| 开本: | 19×26cm | |
| 丛书名: | ||
| 单 册: | ||
| 中图分类: | TB23-44 | |
| 科图分类: | ||
| 主题词: | 工程制图--高等职业教育--习题集 | |
| 电子资源: | ||
| ISBN: | 978-7-04-049402-0 | |
| 000 | 01105nam0 2200229 450 | |
| 001 | 0104562435 | |
| 005 | 20180811153719.0 | |
| 010 | @a978-7-04-049402-0@dCNY33.00 | |
| 100 | @a20180811d2018 em y0chiy0120 ea | |
| 101 | 0 | @achi |
| 102 | @aCN@b110000 | |
| 105 | @aa q 000yy | |
| 106 | @ar | |
| 200 | 1 | @a工程制图习题集@9Gong Cheng Zhi Tu Xi Ti Ji @f陈彩萍主编@b专著 |
| 210 | @a北京@c高等教育出版社@d2018 | |
| 215 | @a110页@d19×26cm | |
| 300 | @a“十二五”职业教育国家规划教材修订版 高等职业教育新形态一体化教材 机械基础类经典系列教材 | |
| 330 | @a本书是“十二五”职业教育国家规划教材修订版,是在总结多年教学经验及第3版教材基础上修订而成的。本书与陈彩萍主编《工程制图》(第四版)配套使用。为了方便教学,本书的编写顺序与教材完全一致,并在关键知识点配有二维码视频。考虑到非机械类各专业有多种类型和不同教学课时的要求,训练有一定的余量,可按教学实际情况选用。本书适用于高职高专非机械类专业使用,亦可供职工大学、电视大学、函授大学等专科院校有关专业使用或参考。 | |
| 606 | 0 | @a工程制图@x高等职业教育@x习题集 |
| 690 | @aTB23-44@v5 | |
| 801 | 0 | @aCN@bAZmarc@c20230905 |
| 905 | @aBZT@dTB23@e27@f1@sTB23/27 | |
| 工程制图习题集/陈彩萍主编.-北京:高等教育出版社,2018 |
| 110页;19×26cm |
| “十二五”职业教育国家规划教材修订版 高等职业教育新形态一体化教材 机械基础类经典系列教材 |
| ISBN 978-7-04-049402-0:CNY33.00 |
| 本书是“十二五”职业教育国家规划教材修订版,是在总结多年教学经验及第3版教材基础上修订而成的。本书与陈彩萍主编《工程制图》(第四版)配套使用。为了方便教学,本书的编写顺序与教材完全一致,并在关键知识点配有二维码视频。考虑到非机械类各专业有多种类型和不同教学课时的要求,训练有一定的余量,可按教学实际情况选用。本书适用于高职高专非机械类专业使用,亦可供职工大学、电视大学、函授大学等专科院校有关专业使用或参考。 |
| ● |
| 相关链接 |
|
|
|
正题名:工程制图习题集
索取号:TB23/27
 
预约/预借
| 序号 | 登录号 | 条形码 | 馆藏地/架位号 | 状态 | 备注 |
| 1 | 2000004254 | 2000004254 | 旧书回溯/ [索取号:TB23/27] | 在馆 |